[Event "2022 Mary Thomson Cup (Division D)"]
[Site "Woodvale, Perth WA AUS"]
[Date "2022.03.23"]
[Round "7"]
[White "Muller, Norbert"]
[Black "Gough, Sebastian"]
[Result "1-0"]
[WhiteElo "1202"]
[BlackElo "668"]
[PlyCount "113"]
[EventDate "2022.02.02"]
[EventType "tourn"]
[EventRounds "7"]
[EventCountry "AUS"]

1. e4 d5 2. exd5 Qxd5 3. Nc3 Qa5 4. Nf3 Bg4 5. Be2 Nf6 6. d3 g6 7. Bd2 c6 8.
Ne4 Qc7 9. Nxf6+ exf6 10. O-O Bg7 11. Bb4 a5 12. Ba3 Na6 13. d4 b5 14. b3 b4
15. Bb2 O-O 16. Re1 Rfd8 17. Rc1 Bxf3 18. Bxf3 Rac8 19. c3 Nb8 20. Qd2 Rd6 21.
cxb4 axb4 22. Qxb4 Na6 23. Qc4 Qb6 24. d5 Nb8 25. Ba3 c5 26. b4 Na6 27. bxc5
Nxc5 28. Bxc5 Rxc5 29. Qxc5 Qxc5 30. Rxc5 Bf8 31. Rc8 Ra6 32. Re2 Rb6 33. g3
Rb1+ 34. Kg2 Kg7 35. Rd2 Bb4 36. Rb8 f5 37. a3 Bxd2 38. Rxb1 Bh6 39. d6 g5 40.
d7 g4 41. Bd5 Bg5 42. Rb8 Kg6 43. d8=Q Bxd8 44. Rxd8 Kg7 45. a4 Kf6 46. Re8 Kg6
47. a5 Kf6 48. a6 Kg7 49. a7 Kh6 50. Rg8 Kh5 51. a8=Q h6 52. Re8 Kg6 53. Qc6+
Kg7 54. Bxf7 Kxf7 55. Qe6+ Kg7 56. Re7+ Kf8 57. Qf7# 1-0